[Event "World Chess Olympiad 2018"]
[Site "Batumi"]
[Date "2018.09.30"]
[Round "6"]
[Board "1"]
[WhiteFideId "19600054"]
[White "Hemam Moulaye Brahim"]
[BlackFideId "11800011"]
[Black "Berardi Giancarlo"]
[Result "1-0"]
[LiveChessVersion "1.4.8"]
[BlackElo "1766"]
[WhiteElo "2018"]

1. d4 {[%clk 1:30:44]} d5 {[%clk 1:30:44]} 2. Nf3 {[%clk 1:31:02]} Nf6
{[%clk 1:30:48]} 3. g3 {[%clk 1:30:37]} Nbd7 {[%clk 1:26:51]} 4. Bg2
{[%clk 1:30:10]} c6 {[%clk 1:23:39]} 5. O-O {[%clk 1:30:03]} g6 {[%clk 1:23:44]}
6. c4 {[%clk 1:28:23]} Bg7 {[%clk 1:21:14]} 7. Ne5 {[%clk 1:24:27]} O-O
{[%clk 1:19:17]} 8. Nc3 {[%clk 1:24:06]} Nb6 {[%clk 1:12:46]} 9. c5
{[%clk 1:16:45]} Nbd7 {[%clk 1:12:12]} 10. f4 {[%clk 1:13:56]} Qc7
{[%clk 1:07:13]} 11. b4 {[%clk 1:08:33]} Ne8 {[%clk 0:56:52]} 12. Qb3
{[%clk 1:01:33]} f6 {[%clk 0:56:53]} 13. Bxd5+ {[%clk 0:48:31]} cxd5
{[%clk 0:53:40]} 14. Nxd5 {[%clk 0:48:47]} Nxc5 {[%clk 0:53:50]} 15. Nxe7+
{[%clk 0:48:44]} Kh8 {[%clk 0:52:40]} 16. Qg8+ {[%clk 0:49:04]} 1-0

[Event "World Chess Olympiad 2018"]
[Site "Batumi"]
[Date "2018.09.30"]
[Round "6"]
[Board "2"]
[WhiteFideId "11800046"]
[White "Grassi Enrico"]
[BlackFideId "19600151"]
[Black "Cheikhna Mohamed Lemine"]
[Result "0-1"]
[LiveChessVersion "1.4.8"]
[BlackElo "1950"]
[WhiteElo "1965"]

1. e4 {[%clk 1:30:55]} e6 {[%clk 1:30:27]} 2. d4 {[%clk 1:31:19]} d5
{[%clk 1:30:50]} 3. exd5 {[%clk 1:31:18]} exd5 {[%clk 1:31:05]} 4. Bf4
{[%clk 1:31:12]} Bd6 {[%clk 1:29:21]} 5. Bxd6 {[%clk 1:30:39]} Qxd6
{[%clk 1:29:34]} 6. Bd3 {[%clk 1:30:36]} Qb4+ {[%clk 1:27:31]} 7. Nd2
{[%clk 1:30:58]} Qxb2 {[%clk 1:26:26]} 8. Ngf3 {[%clk 1:31:21]} Ne7
{[%clk 1:21:15]} 9. O-O {[%clk 1:30:15]} O-O {[%clk 1:20:59]} 10. Re1
{[%clk 1:28:41]} Nbc6 {[%clk 1:16:53]} 11. c4 {[%clk 1:20:58]} Qa3
{[%clk 1:11:41]} 12. Re3 {[%clk 1:12:01]} Qd6 13. c5 {[%clk 1:02:48]} Qf6
{[%clk 1:09:00]} 14. Nb3 {[%clk 0:57:45]} Bf5 {[%clk 1:05:06]} 15. Ne5
{[%clk 0:57:24]} Rfe8 {[%clk 0:51:25]} 16. Nxc6 {[%clk 0:56:14]} Nxc6
{[%clk 0:38:48]} 17. Rf3 {[%clk 0:53:57]} Ne7 {[%clk 0:37:48]} 18. Bxf5
{[%clk 0:44:26]} Nxf5 {[%clk 0:36:48]} 19. g4 {[%clk 0:41:05]} Qh4
{[%clk 0:31:17]} 20. Rxf5 {[%clk 0:31:23]} Re4 {[%clk 0:25:03]} 21. f3
{[%clk 0:29:34]} Re3 {[%clk 0:22:57]} 22. Re5 {[%clk 0:27:20]} Re8
{[%clk 0:22:40]} 23. Rxe8+ {[%clk 0:26:06]} Rxe8 {[%clk 0:23:01]} 24. Kg2
{[%clk 0:25:11]} h5 {[%clk 0:19:44]} 25. Rc1 {[%clk 0:20:58]} hxg4
{[%clk 0:19:05]} 26. fxg4 {[%clk 0:21:07]} Re3 {[%clk 0:14:52]} 27. Rc2
{[%clk 0:19:04]} Qh3+ {[%clk 0:13:28]} 28. Kh1 {[%clk 0:19:05]} Qh7
{[%clk 0:11:18]} 29. Nd2 {[%clk 0:15:30]} Qd3 {[%clk 0:09:17]} 30. Rc1
{[%clk 0:14:29]} Re2 {[%clk 0:08:52]} 31. Rc2 {[%clk 0:14:13]} Qe3
{[%clk 0:07:49]} 32. Qg1 {[%clk 0:10:46]} Re1 {[%clk 0:07:44]} 33. Nf1
{[%clk 0:10:56]} Qf3+ {[%clk 0:07:46]} 0-1

[Event "World Chess Olympiad 2018"]
[Site "Batumi"]
[Date "2018.09.30"]
[Round "6"]
[Board "3"]
[WhiteFideId "19600160"]
[White "Yahi Mohamed Salem"]
[BlackFideId "11800054"]
[Black "Volpinari Danilo"]
[Result "0-1"]
[LiveChessVersion "1.4.8"]
[BlackElo "1985"]
[WhiteElo "1926"]

1. d4 {[%clk 1:30:55]} d5 {[%clk 1:30:38]} 2. c4 {[%clk 1:31:15]} c6
{[%clk 1:30:47]} 3. Nc3 {[%clk 1:31:15]} Nf6 {[%clk 1:29:09]} 4. Nf3
{[%clk 1:30:52]} a6 {[%clk 1:26:33]} 5. c5 {[%clk 1:28:56]} Bf5 {[%clk 1:23:00]}
6. Bf4 {[%clk 1:25:12]} e6 {[%clk 1:14:22]} 7. Qb3 {[%clk 1:23:09]} Ra7
{[%clk 1:13:53]} 8. e3 {[%clk 1:22:51]} Nbd7 {[%clk 1:13:35]} 9. Na4
{[%clk 1:22:00]} Be7 {[%clk 1:10:16]} 10. Ne5 {[%clk 1:21:30]} O-O
{[%clk 1:00:21]} 11. Be2 {[%clk 1:20:02]} Nxe5 {[%clk 0:57:45]} 12. Bxe5
{[%clk 1:19:35]} Nd7 {[%clk 0:56:12]} 13. O-O {[%clk 1:16:42]} Nxe5
{[%clk 0:42:58]} 14. dxe5 {[%clk 1:17:01]} f6 {[%clk 0:40:28]} 15. exf6
{[%clk 1:15:45]} Bxf6 {[%clk 0:39:18]} 16. Bd3 {[%clk 1:15:24]} Bxd3
{[%clk 0:30:26]} 17. Qxd3 {[%clk 1:15:35]} Ra8 {[%clk 0:28:54]} 18. Rab1
{[%clk 1:14:09]} Qe7 {[%clk 0:28:53]} 19. Nb6 {[%clk 1:13:39]} Rae8
{[%clk 0:27:42]} 20. b4 {[%clk 1:13:07]} Be5 {[%clk 0:26:59]} 21. g3
{[%clk 1:11:52]} Rf3 {[%clk 0:25:44]} 22. Qc2 {[%clk 1:09:24]} Ref8
{[%clk 0:24:21]} 23. a4 {[%clk 1:07:06]} h5 {[%clk 0:23:20]} 24. Qg6
{[%clk 1:02:12]} h4 {[%clk 0:22:47]} 25. Qh5 {[%clk 0:59:05]} R8f5
{[%clk 0:18:28]} 26. Qxh4 {[%clk 0:57:53]} Qxh4 {[%clk 0:18:09]} 27. gxh4
{[%clk 0:58:16]} Bf6 {[%clk 0:17:24]} 28. Nc8 {[%clk 0:49:23]} Bxh4
{[%clk 0:15:22]} 29. Kg2 {[%clk 0:44:49]} Rxf2+ {[%clk 0:14:45]} 30. Rxf2
{[%clk 0:45:07]} Rxf2+ {[%clk 0:15:10]} 31. Kh3 {[%clk 0:44:41]} Bg5
{[%clk 0:15:14]} 32. Nd6 {[%clk 0:42:31]} Bxe3 {[%clk 0:15:22]} 33. Nxb7
{[%clk 0:42:25]} Bg5 {[%clk 0:11:07]} 34. Na5 {[%clk 0:42:28]} Ra2
{[%clk 0:11:03]} 35. Nxc6 {[%clk 0:42:37]} Rxa4 {[%clk 0:11:18]} 36. Nd4
{[%clk 0:40:06]} Kf7 {[%clk 0:09:15]} 37. Rf1+ {[%clk 0:37:26]} Bf6
{[%clk 0:08:00]} 38. Nc6 {[%clk 0:35:00]} Ke8 {[%clk 0:06:20]} 39. Rb1
{[%clk 0:28:40]} Kd7 {[%clk 0:05:58]} 40. b5 {[%clk 0:58:33]} axb5
{[%clk 0:35:22]} 41. Nb8+ {[%clk 0:58:16]} Kc7 {[%clk 0:28:25]} 42. Rxb5
{[%clk 0:57:44]} Ra8 {[%clk 0:28:20]} 43. Rb6 {[%clk 0:57:10]} Rxb8
{[%clk 0:28:13]} 44. Rxe6 {[%clk 0:57:29]} Rb5 {[%clk 0:26:49]} 45. Kg4
{[%clk 0:54:45]} Rxc5 {[%clk 0:26:50]} 46. h3 {[%clk 0:52:25]} Kd7
{[%clk 0:26:01]} 47. Ra6 {[%clk 0:52:01]} d4 {[%clk 0:24:07]} 48. Kf4
{[%clk 0:51:07]} Rc3 {[%clk 0:23:03]} 49. h4 {[%clk 0:49:11]} Bxh4
{[%clk 0:22:22]} 50. Ra7+ {[%clk 0:49:27]} Rc7 {[%clk 0:22:45]} 51. Ra5
{[%clk 0:48:26]} Bf6 {[%clk 0:22:56]} 52. Ke4 {[%clk 0:48:19]} Ke6
{[%clk 0:21:47]} 53. Ra6+ {[%clk 0:48:19]} Kf7 {[%clk 0:22:00]} 54. Ra1
{[%clk 0:46:22]} Rd7 {[%clk 0:21:05]} 55. Rd1 {[%clk 0:46:40]} Ke6
{[%clk 0:21:18]} 56. Rd3 {[%clk 0:46:42]} Rc7 {[%clk 0:21:33]} 57. Ra3
{[%clk 0:46:29]} Rc6 {[%clk 0:21:31]} 58. Rb3 {[%clk 0:46:35]} Rc3
{[%clk 0:20:39]} 59. Rb6+ {[%clk 0:46:36]} Kf7 {[%clk 0:20:21]} 60. Rb7+
{[%clk 0:46:47]} Kg6 {[%clk 0:20:27]} 61. Rd7 {[%clk 0:46:35]} Re3+
{[%clk 0:20:22]} 62. Kf4 {[%clk 0:45:55]} Be5+ {[%clk 0:20:15]} 63. Kg4
{[%clk 0:45:53]} d3 {[%clk 0:19:26]} 64. Rd5 {[%clk 0:45:20]} Re4+
{[%clk 0:16:37]} 65. Kf3 {[%clk 0:45:41]} Rd4 {[%clk 0:16:58]} 66. Rxe5
{[%clk 0:44:50]} d2 {[%clk 0:17:24]} 67. Ke3 {[%clk 0:45:06]} d1=R
{[%clk 0:16:05]} 0-1

[Event "World Chess Olympiad 2018"]
[Site "Batumi"]
[Date "2018.09.30"]
[Round "6"]
[Board "4"]
[WhiteFideId "11800038"]
[White "Righi Ezio"]
[BlackFideId "19601409"]
[Black "Mohamed Lemine Mohamed"]
[Result "1/2-1/2"]
[LiveChessVersion "1.4.8"]
[BlackElo "1844"]
[WhiteElo "2031"]

1. e4 {[%clk 1:30:57]} e5 {[%clk 1:30:53]} 2. Nf3 {[%clk 1:31:14]} Nf6
{[%clk 1:31:16]} 3. Nxe5 {[%clk 1:31:28]} d6 {[%clk 1:31:42]} 4. Nf3
{[%clk 1:31:50]} Nxe4 {[%clk 1:32:07]} 5. d4 {[%clk 1:32:01]} d5 {[%clk 1:32:33]}
6. Bd3 {[%clk 1:32:06]} Nc6 {[%clk 1:32:53]} 7. O-O {[%clk 1:31:54]} Be7
{[%clk 1:33:18]} 8. Re1 {[%clk 1:31:41]} Bf5 {[%clk 1:33:35]} 9. a3
{[%clk 1:23:14]} O-O {[%clk 1:31:37]} 10. c4 {[%clk 1:22:15]} Qd7
{[%clk 1:20:08]} 11. cxd5 {[%clk 1:16:52]} Qxd5 {[%clk 1:20:29]} 12. Bxe4
{[%clk 1:16:38]} Bxe4 {[%clk 1:20:39]} 13. Nc3 {[%clk 1:15:29]} Bxf3
{[%clk 1:20:55]} 14. Nxd5 {[%clk 1:15:33]} Bxd1 {[%clk 1:21:07]} 15. Nxe7+
{[%clk 1:14:10]} Nxe7 {[%clk 1:21:28]} 16. Rxe7 {[%clk 1:14:06]} Rfe8
{[%clk 1:19:46]} 17. Rxe8+ {[%clk 1:13:26]} Rxe8 {[%clk 1:20:09]} 18. Be3
{[%clk 1:13:51]} Bb3 {[%clk 1:19:26]} 19. Rc1 {[%clk 1:13:17]} c6
{[%clk 1:15:46]} 20. h4 {[%clk 1:10:52]} f6 {[%clk 1:13:18]} 21. Rc3
{[%clk 1:08:24]} Bd5 {[%clk 1:13:09]} 22. f3 {[%clk 1:08:01]} Kf7
{[%clk 1:10:27]} 23. Kf2 {[%clk 1:08:07]} g6 {[%clk 1:01:39]} 24. Rc1
{[%clk 1:06:33]} Kg7 {[%clk 1:01:39]} 25. a4 {[%clk 1:05:33]} Re7
{[%clk 0:42:35]} 26. Rc3 {[%clk 0:59:22]} h6 {[%clk 0:41:42]} 27. Rc1 1/2-1/2

[Event "World Chess Olympiad 2018"]
[Site "Batumi"]
[Date "2018.09.30"]
[Round "6"]
[Board "1"]
[WhiteFideId "15701190"]
[White "Kibrom Weldegebriel Beraki"]
[BlackFideId "15700356"]
[Black "Altaye Girum Teklewold"]
[Result "0-1"]
[LiveChessVersion "1.4.8"]
[BlackElo "1986"]
[WhiteElo "1723"]

1. d4 {[%clk 1:30:22]} d5 {[%clk 1:30:45]} 2. c4 {[%clk 1:30:42]} c6
{[%clk 1:30:57]} 3. Nf3 {[%clk 1:30:53]} Nf6 {[%clk 1:31:06]} 4. e3
{[%clk 1:31:09]} e6 {[%clk 1:31:13]} 5. b3 {[%clk 1:31:25]} Nbd7 {[%clk 1:30:53]}
6. Bd3 {[%clk 1:31:12]} Bd6 {[%clk 1:31:11]} 7. O-O {[%clk 1:31:17]} O-O
{[%clk 1:31:34]} 8. Bb2 {[%clk 1:31:29]} Re8 {[%clk 1:31:50]} 9. Ne5
{[%clk 1:29:55]} Nf8 {[%clk 1:31:21]} 10. Nd2 {[%clk 1:28:46]} N6d7
{[%clk 1:31:01]} 11. e4 {[%clk 1:17:40]} dxe4 {[%clk 1:25:11]} 12. Nxe4
{[%clk 1:17:37]} Be7 {[%clk 1:24:43]} 13. Qf3 {[%clk 1:03:50]} f6
{[%clk 1:17:30]} 14. Nxd7 {[%clk 0:47:36]} Qxd7 {[%clk 1:17:31]} 15. Rad1
{[%clk 0:47:33]} b6 {[%clk 1:17:25]} 16. Rfe1 {[%clk 0:43:48]} f5
{[%clk 1:10:21]} 17. Nc3 {[%clk 0:40:11]} Bb7 {[%clk 1:10:30]} 18. d5
{[%clk 0:37:26]} cxd5 {[%clk 0:56:08]} 19. cxd5 {[%clk 0:37:37]} Qc8
{[%clk 0:44:35]} 20. Qg3 {[%clk 0:32:25]} Bf6 {[%clk 0:43:44]} 21. Rc1
{[%clk 0:26:13]} exd5 {[%clk 0:41:54]} 22. Nxd5 {[%clk 0:23:57]} Bxb2
{[%clk 0:41:24]} 23. Bc4 {[%clk 0:02:27]} Rxe1+ {[%clk 0:39:57]} 24. Rxe1
{[%clk 0:02:51]} Kh8 {[%clk 0:40:07]} 25. Nc7 {[%clk 0:02:41]} Qd8
{[%clk 0:29:42]} 26. Nxa8 {[%clk 0:02:48]} Bxa8 {[%clk 0:29:25]} 27. Qe3
{[%clk 0:03:14]} Be4 {[%clk 0:29:30]} 28. h3 {[%clk 0:02:43]} h6 {[%clk 0:28:03]}
29. Kh1 {[%clk 0:03:01]} Qf6 {[%clk 0:24:33]} 30. Rd1 {[%clk 0:03:12]} Ba3
{[%clk 0:23:33]} 31. f3 {[%clk 0:03:24]} Bc6 {[%clk 0:23:10]} 32. Qf4
{[%clk 0:03:35]} Bc5 {[%clk 0:22:51]} 33. Qb8 {[%clk 0:03:45]} a5
{[%clk 0:23:05]} 34. Qc7 {[%clk 0:03:51]} Kh7 {[%clk 0:21:16]} 35. a4
{[%clk 0:03:38]} Ba8 {[%clk 0:20:31]} 36. Qb8 {[%clk 0:03:51]} Bc6
{[%clk 0:20:14]} 37. Qc7 {[%clk 0:04:17]} Ng6 {[%clk 0:18:43]} 38. Qb8
{[%clk 0:04:22]} Ne5 {[%clk 0:14:34]} 39. Be2 {[%clk 0:02:38]} Nf7
{[%clk 0:13:35]} 40. Bc4 {[%clk 0:31:59]} Ng5 {[%clk 0:41:04]} 41. Qf4
{[%clk 0:25:48]} Ne6 {[%clk 0:40:29]} 42. Qb8 {[%clk 0:19:39]} Nd4
{[%clk 0:40:37]} 43. Qf4 {[%clk 0:10:25]} Nc2 {[%clk 0:36:27]} 44. Bd3
{[%clk 0:06:38]} Ne3 {[%clk 0:36:22]} 45. Re1 {[%clk 0:05:20]} Qg5
{[%clk 0:36:12]} 46. Qxg5 {[%clk 0:04:39]} hxg5 {[%clk 0:35:57]} 47. Kh2
{[%clk 0:04:35]} Kh6 {[%clk 0:36:12]} 48. Rb1 {[%clk 0:04:50]} g4
{[%clk 0:36:02]} 49. hxg4 {[%clk 0:04:55]} fxg4 {[%clk 0:35:46]} 50. fxg4
{[%clk 0:05:21]} Nxg4+ {[%clk 0:35:42]} 51. Kg3 {[%clk 0:05:04]} Kg5
{[%clk 0:36:02]} 0-1

[Event "World Chess Olympiad 2018"]
[Site "Batumi"]
[Date "2018.09.30"]
[Round "6"]
[Board "1"]
[WhiteFideId "1622218"]
[White "Kamara Ansumana"]
[BlackFideId "21500150"]
[Black "Al Ghamdi Ahmed M"]
[Result "1-0"]
[LiveChessVersion "1.4.8"]
[BlackElo "2126"]
[WhiteElo "1910"]

1. e4 {[%clk 1:30:54]} e5 {[%clk 1:30:53]} 2. Nf3 {[%clk 1:31:14]} Nc6
{[%clk 1:31:15]} 3. Bb5 {[%clk 1:31:26]} a6 {[%clk 1:31:36]} 4. Ba4
{[%clk 1:31:50]} d6 {[%clk 1:31:57]} 5. O-O {[%clk 1:32:10]} Bg4 {[%clk 1:32:20]}
6. c3 {[%clk 1:31:37]} Qf6 {[%clk 1:31:01]} 7. d3 {[%clk 1:31:31]} Nge7
{[%clk 1:30:31]} 8. Re1 {[%clk 1:30:51]} Ng6 {[%clk 1:29:24]} 9. h3
{[%clk 1:31:01]} Bxf3 {[%clk 1:29:34]} 10. Qxf3 {[%clk 1:31:15]} Qxf3
{[%clk 1:29:40]} 11. gxf3 {[%clk 1:31:36]} Be7 {[%clk 1:29:35]} 12. Be3
{[%clk 1:31:17]} f5 {[%clk 1:28:59]} 13. exf5 {[%clk 1:30:44]} Nh4
{[%clk 1:29:23]} 14. Nd2 {[%clk 1:30:26]} Nxf5 {[%clk 1:29:28]} 15. d4
{[%clk 1:30:14]} O-O {[%clk 1:28:26]} 16. Bxc6 {[%clk 1:27:13]} bxc6
{[%clk 1:28:50]} 17. dxe5 {[%clk 1:27:26]} dxe5 {[%clk 1:28:44]} 18. Kf1
{[%clk 1:25:36]} Rae8 {[%clk 1:28:10]} 19. Ke2 {[%clk 1:24:59]} Nd6
{[%clk 1:26:41]} 20. Rg1 {[%clk 1:23:21]} Rf5 {[%clk 1:26:32]} 21. Rg4
{[%clk 1:22:04]} Rh5 {[%clk 1:25:13]} 22. Rh1 {[%clk 1:20:42]} Rb8
{[%clk 1:23:37]} 23. b3 {[%clk 1:20:23]} Nb5 {[%clk 1:23:30]} 24. Ne4
{[%clk 1:19:47]} Rd8 {[%clk 1:19:46]} 25. a4 {[%clk 1:17:20]} Nd6
{[%clk 1:18:07]} 26. Nc5 {[%clk 1:17:02]} Rb8 {[%clk 1:17:21]} 27. b4
{[%clk 1:16:52]} a5 {[%clk 1:16:45]} 28. Ne6 {[%clk 1:16:50]} Ne8
{[%clk 1:16:00]} 29. Bc5 {[%clk 1:05:18]} Bxc5 {[%clk 1:12:00]} 30. Nxc5
{[%clk 1:05:33]} Nf6 {[%clk 1:11:54]} 31. Rc4 {[%clk 1:05:33]} axb4
{[%clk 1:11:11]} 32. cxb4 {[%clk 1:05:37]} Nd5 {[%clk 1:11:34]} 33. Nd3
{[%clk 1:04:50]} Rh6 {[%clk 1:09:16]} 34. Kd2 {[%clk 1:00:17]} Rd6
{[%clk 1:09:09]} 35. Kc2 {[%clk 0:58:37]} Nb6 {[%clk 1:05:23]} 36. Rc5
{[%clk 0:58:37]} Nxa4 {[%clk 1:05:45]} 37. Rxe5 {[%clk 0:57:41]} Rbd8
{[%clk 1:05:35]} 38. Rd1 {[%clk 0:54:20]} Nb6 {[%clk 1:02:17]} 39. Nb2
{[%clk 0:50:32]} Nd5 {[%clk 0:59:21]} 40. Re4 {[%clk 1:17:28]} Rf6
{[%clk 1:26:24]} 41. Rd3 {[%clk 1:15:48]} Rdf8 {[%clk 1:24:39]} 42. b5
{[%clk 1:13:11]} Rb8 {[%clk 1:24:46]} 43. Kd2 {[%clk 1:06:47]} Rxb5
{[%clk 1:23:44]} 44. Nc4 {[%clk 1:06:43]} h6 {[%clk 1:23:13]} 45. Ne5
{[%clk 1:05:10]} Rb2+ {[%clk 1:22:13]} 46. Ke1 {[%clk 1:02:05]} Kh7
{[%clk 1:19:30]} 47. Nd7 {[%clk 0:59:59]} Rf5 {[%clk 1:18:34]} 48. Re8
{[%clk 0:55:23]} Nf4 {[%clk 1:18:11]} 49. Rd4 {[%clk 0:52:25]} Ng6
{[%clk 1:12:36]} 50. h4 {[%clk 0:51:24]} c5 {[%clk 1:12:18]} 51. Rd1
{[%clk 0:50:06]} c4 {[%clk 1:10:26]} 52. h5 {[%clk 0:49:51]} Rxh5
{[%clk 1:08:39]} 53. Nf6+ {[%clk 0:50:00]} gxf6 {[%clk 1:09:08]} 54. Rd7+
{[%clk 0:50:27]} Ne7 {[%clk 1:09:20]} 55. Rexe7+ {[%clk 0:49:02]} Kg6
{[%clk 1:08:28]} 56. Rg7+ {[%clk 0:49:16]} Kf5 {[%clk 1:06:05]} 57. Rd5+
{[%clk 0:49:28]} Ke6 {[%clk 1:05:11]} 58. Rxh5 {[%clk 0:49:42]} Kd6
{[%clk 1:05:39]} 59. Rxh6 {[%clk 0:49:47]} c3 {[%clk 1:06:05]} 60. Rxf6+
{[%clk 0:49:21]} Ke5 {[%clk 1:04:17]} 61. Rc6 {[%clk 0:49:34]} Kf4
{[%clk 1:04:44]} 62. Rf7+ {[%clk 0:49:09]} Ke5 {[%clk 1:05:12]} 63. Rxc3
{[%clk 0:49:04]} c5 {[%clk 1:05:30]} 64. Rxc5+ {[%clk 0:48:57]} Kd4
{[%clk 1:05:50]} 65. Rfc7 {[%clk 0:48:53]} Rb4 {[%clk 1:05:16]} 66. Ke2
{[%clk 0:48:55]} Rb3 {[%clk 1:04:45]} 67. f4 {[%clk 0:49:05]} Ke4
{[%clk 1:05:07]} 68. Rc4+ {[%clk 0:48:52]} Kf5 {[%clk 1:05:33]} 69. R7c5+
{[%clk 0:48:29]} Kg4 {[%clk 1:05:53]} 70. Rg5+ {[%clk 0:48:08]} Kh4
{[%clk 1:06:20]} 71. Rc8 {[%clk 0:48:11]} Rb2+ {[%clk 1:06:34]} 72. Kd3
{[%clk 0:48:26]} Rb3+ {[%clk 1:06:37]} 73. Kc2 {[%clk 0:48:38]} Rc3+
{[%clk 1:06:49]} 74. Kxc3 {[%clk 0:48:47]} 1-0

[Event "World Chess Olympiad 2018"]
[Site "Batumi"]
[Date "2018.09.30"]
[Round "6"]
[Board "2"]
[WhiteFideId "21500029"]
[White "Al Habeeb Emad"]
[BlackFideId "17800048"]
[Black "Winston Gerald Mansfield Thomas"]
[Result "0-1"]
[LiveChessVersion "1.4.8"]
[BlackElo "1844"]
[WhiteElo "1910"]

1. Nf3 {[%clk 1:30:51]} c5 {[%clk 1:30:38]} 2. d3 {[%clk 1:30:37]} d6
{[%clk 1:30:33]} 3. g3 {[%clk 1:30:43]} Nf6 {[%clk 1:30:46]} 4. Bg2
{[%clk 1:30:46]} e6 {[%clk 1:30:56]} 5. e4 {[%clk 1:30:05]} Nc6 {[%clk 1:31:11]}
6. O-O {[%clk 1:30:07]} Be7 {[%clk 1:31:32]} 7. Re1 {[%clk 1:27:58]} Qc7
{[%clk 1:31:45]} 8. Nbd2 {[%clk 1:26:26]} O-O {[%clk 1:31:44]} 9. Nf1
{[%clk 1:24:34]} h6 {[%clk 1:31:37]} 10. Qe2 {[%clk 1:21:44]} Nd4
{[%clk 1:30:22]} 11. Nxd4 {[%clk 1:17:21]} cxd4 {[%clk 1:30:44]} 12. b3
{[%clk 1:17:04]} e5 {[%clk 1:30:42]} 13. Bb2 {[%clk 1:16:08]} Bg4
{[%clk 1:30:11]} 14. f3 {[%clk 1:15:54]} Be6 {[%clk 1:30:06]} 15. Rac1
{[%clk 1:15:40]} Qb6 {[%clk 1:30:13]} 16. Kh1 {[%clk 1:15:21]} a5
{[%clk 1:22:15]} 17. a4 {[%clk 1:11:46]} Nd7 {[%clk 1:18:06]} 18. f4
{[%clk 1:05:26]} f6 {[%clk 1:17:29]} 19. Qh5 {[%clk 1:01:36]} Qd8
{[%clk 1:15:07]} 20. f5 {[%clk 0:57:08]} Bf7 {[%clk 1:15:20]} 21. Qh3
{[%clk 0:55:38]} Kh7 {[%clk 1:15:24]} 22. Nd2 {[%clk 0:54:31]} Rh8
{[%clk 1:15:18]} 23. Nf3 {[%clk 0:52:56]} Qe8 {[%clk 1:10:11]} 24. Nh4
{[%clk 0:49:45]} Rc8 {[%clk 1:08:26]} 25. Ng6 {[%clk 0:41:05]} Bxg6
{[%clk 1:07:34]} 26. fxg6+ {[%clk 0:41:25]} Kxg6 {[%clk 1:06:50]} 27. Bf3
{[%clk 0:33:40]} Kh7 {[%clk 1:06:47]} 28. Bg4 {[%clk 0:30:25]} Rc7
{[%clk 1:06:51]} 29. Rf1 {[%clk 0:27:58]} Nc5 {[%clk 1:06:43]} 30. Ba3
{[%clk 0:27:37]} g6 {[%clk 1:06:51]} 31. Bxc5 {[%clk 0:26:22]} Rxc5
{[%clk 1:07:12]} 32. Be6 {[%clk 0:24:43]} Bd8 {[%clk 1:05:16]} 33. Rf2
{[%clk 0:23:28]} Kg7 {[%clk 1:03:34]} 34. Rb1 {[%clk 0:22:14]} Rc7
{[%clk 1:01:42]} 35. Bd5 {[%clk 0:19:49]} Rf8 {[%clk 1:00:29]} 36. Qf1
{[%clk 0:18:48]} Qd7 {[%clk 1:00:30]} 37. Qe2 {[%clk 0:16:56]} h5
{[%clk 0:59:28]} 38. Rbf1 {[%clk 0:14:00]} b6 {[%clk 0:58:50]} 39. Rb1
{[%clk 0:13:32]} Be7 {[%clk 0:58:28]} 40. Qd2 {[%clk 0:42:18]} Rfc8
{[%clk 1:26:24]} 41. Bc4 {[%clk 0:40:52]} Rh8 {[%clk 1:23:27]} 42. Rg1
{[%clk 0:34:35]} Qh3 {[%clk 1:22:59]} 43. Bd5 {[%clk 0:29:59]} Qd7
{[%clk 1:22:10]} 44. Bc4 {[%clk 0:29:51]} Rf8 {[%clk 1:22:14]} 45. Bb5
{[%clk 0:28:48]} Qc8 {[%clk 1:21:34]} 46. Bc4 {[%clk 0:25:31]} Qg4
{[%clk 1:20:43]} 47. Bd5 {[%clk 0:24:27]} Rfc8 {[%clk 1:20:11]} 48. Bc4
{[%clk 0:24:11]} Bd8 {[%clk 1:18:36]} 49. Rgf1 {[%clk 0:22:39]} Be7
{[%clk 1:18:30]} 50. Rf3 {[%clk 0:21:33]} Rf8 {[%clk 1:18:23]} 51. Bd5
{[%clk 0:19:52]} Rcc8 {[%clk 1:17:33]} 52. R3f2 {[%clk 0:19:00]} Qd7
{[%clk 1:14:25]} 53. Qe2 {[%clk 0:17:18]} Rh8 {[%clk 1:14:19]} 54. Ra1
{[%clk 0:14:56]} Rcf8 {[%clk 1:14:06]} 55. Qd2 {[%clk 0:14:07]} h4
{[%clk 1:14:04]} 56. Rg1 {[%clk 0:12:56]} hxg3 {[%clk 1:13:06]} 57. Rxg3
{[%clk 0:13:03]} Rh3 {[%clk 1:12:18]} 58. Rg1 {[%clk 0:11:31]} Rfh8
{[%clk 1:10:20]} 59. Rfg2 {[%clk 0:11:08]} g5 {[%clk 1:06:40]} 60. Qf2
{[%clk 0:09:26]} Bd8 {[%clk 1:04:51]} 61. Bc4 {[%clk 0:08:43]} R3h4
{[%clk 1:03:55]} 62. Bd5 {[%clk 0:07:29]} Rf4 {[%clk 1:03:01]} 63. Qe2
{[%clk 0:06:37]} Qh3 {[%clk 1:00:54]} 64. Rg3 {[%clk 0:06:25]} Qh5
{[%clk 0:59:47]} 65. Qxh5 {[%clk 0:05:55]} Rxh5 {[%clk 1:00:11]} 66. Be6
{[%clk 0:05:19]} Rf2 {[%clk 1:00:04]} 67. R3g2 {[%clk 0:05:21]} Rxg2
{[%clk 1:00:21]} 68. Kxg2 {[%clk 0:04:57]} Rh4 {[%clk 0:59:19]} 69. Kg3
{[%clk 0:04:45]} Kf8 {[%clk 0:57:10]} 70. Bg4 {[%clk 0:04:34]} Rh7
{[%clk 0:57:03]} 71. Be6 {[%clk 0:04:05]} Ke7 {[%clk 0:57:19]} 72. Bg4
{[%clk 0:03:19]} Bc7 {[%clk 0:57:05]} 73. Rf1 {[%clk 0:03:39]} Rh8
{[%clk 0:56:32]} 74. Bf5 {[%clk 0:03:16]} d5 {[%clk 0:54:55]} 75. h3
{[%clk 0:02:43]} dxe4 {[%clk 0:54:20]} 76. dxe4 {[%clk 0:02:11]} Bd6
{[%clk 0:54:19]} 77. Rd1 {[%clk 0:02:18]} Bb4 {[%clk 0:54:21]} 78. Rd3
{[%clk 0:01:49]} Bc3 {[%clk 0:54:31]} 79. Bg4 {[%clk 0:02:06]} Kd6
{[%clk 0:54:54]} 80. Rf3 {[%clk 0:01:56]} Ke7 {[%clk 0:54:47]} 81. Kf2
{[%clk 0:01:53]} Rb8 {[%clk 0:54:58]} 82. Ke2 {[%clk 0:01:45]} b5
{[%clk 0:54:40]} 83. axb5 {[%clk 0:01:50]} Rxb5 {[%clk 0:55:03]} 84. Rf1
{[%clk 0:01:20]} Rb4 {[%clk 0:55:14]} 85. Kd3 {[%clk 0:01:08]} Rb7
{[%clk 0:52:38]} 86. Bf5 {[%clk 0:01:13]} Rc7 {[%clk 0:52:46]} 87. Rc1
{[%clk 0:00:55]} Bb2 {[%clk 0:51:53]} 88. Rb1 {[%clk 0:00:39]} Rc3+
{[%clk 0:52:09]} 89. Kd2 {[%clk 0:00:54]} Ba3 {[%clk 0:52:33]} 90. Rd1
{[%clk 0:00:41]} Bb4 {[%clk 0:52:47]} 91. Kc1 {[%clk 0:00:47]} Re3
{[%clk 0:52:09]} 92. Rd3 {[%clk 0:00:34]} Re2 {[%clk 0:51:30]} 93. Rd1
{[%clk 0:00:37]} Bc3 {[%clk 0:51:36]} 94. Bg6 {[%clk 0:00:42]} Kd6
{[%clk 0:51:42]} 95. Bf5 {[%clk 0:00:49]} Kc5 {[%clk 0:51:27]} 96. Rd3
{[%clk 0:00:42]} Kb4 {[%clk 0:51:19]} 97. Rd1 {[%clk 0:00:47]} Rf2
{[%clk 0:49:45]} 98. Be6 {[%clk 0:00:40]} Re2 {[%clk 0:48:40]} 99. Bf5
{[%clk 0:00:50]} Ka3 {[%clk 0:48:43]} 100. Kb1 {[%clk 0:00:58]} d3
{[%clk 0:46:09]} 101. cxd3 {[%clk 0:00:50]} Kxb3 {[%clk 0:44:57]} 102. Be6+
{[%clk 0:00:45]} Kb4 {[%clk 0:44:54]} 103. Rf1 {[%clk 0:00:39]} Bb2
{[%clk 0:42:03]} 104. Rxf6 {[%clk 0:00:36]} Kc3 {[%clk 0:42:16]} 105. Rf1
{[%clk 0:00:59]} Kxd3 {[%clk 0:42:11]} 106. Bf5 {[%clk 0:00:39]} Kc3
{[%clk 0:41:50]} 107. Rf3+ {[%clk 0:00:48]} Kb4 {[%clk 0:41:50]} 108. Rg3
{[%clk 0:00:50]} a4 {[%clk 0:41:21]} 109. Rxg5 {[%clk 0:00:41]} Bd4
{[%clk 0:41:22]} 110. Rg8 {[%clk 0:00:37]} Rb2+ {[%clk 0:40:57]} 111. Kc1
{[%clk 0:00:51]} Rh2 {[%clk 0:39:54]} 112. Rb8+ {[%clk 0:00:57]} Kc3
{[%clk 0:39:33]} 113. Kb1 {[%clk 0:00:38]} Kd3 {[%clk 0:39:02]} 114. Rc8
{[%clk 0:00:41]} Rb2+ {[%clk 0:38:43]} 115. Kc1 {[%clk 0:00:49]} a3
{[%clk 0:38:43]} 0-1